00964cam a2200289 a 4500999001300000001000800013003000400021005001700025008004100042010001700083020003100100040001800131050002100149082002100170100001800191245009400209260003800303300002500341500002000366504003000386650003500416650002200451700002300473906004500496942001200541952012100553 c939d9392894431OSt20180830151127.0870325s1987 ilu b 001 0 eng  a 87009547  a0877889341 (pbk.) :c$6.95 aDLCcDLCdDLC00aRC262b.H34 198700a158.2219bH343W1 aHarwell, Amy.10aWhen your friend gets cancer :bhow you can help /cby Amy Harwell with Kristine Tomasik. aWheaton, Ill. :bH. Shaw,cc1987. axv, 125 p. ;c21 cm. aIncludes index. aBibliography: p. 105-109. 0aCancerxPsychological aspects. 0aHelping behavior.1 aTomasik, Kristine. a7bcbccorignewd1eocipf19gy-gencatlg 2ddccBK 00102ddc40708NFICaHMCbHMCcGENd2018-08-30g95.00l0o158.2 H343Wp001428r2018-08-30 00:00:00w2018-08-30yBK